Италиянской Езоп или Сатирическое повествование о Бертолде, (Запись № 9671908)

Подробности
000 -МАРКЕР
контрольное поле 03751nam0a22005531 4500
001 - ИДЕНТИФИКАТОР ЗАПИСИ
контрольное поле RU\NLR\A1\8207
005 - ИДЕНТИФИКАТОР ВЕРСИИ
контрольное поле 20260409064900.0
035 ## - ДРУГИЕ СИСТЕМНЫЕ НОМЕРА
Идентификатор записи (NLR Aleph) 009673350
100 ## - ДАННЫЕ ОБЩЕЙ ОБРАБОТКИ
Данные общей обработки 19980825d1778 m y0rusy50 ca
101 1# - ЯЗЫК РЕСУРСА
Язык текста, звукозаписи и т.д. русский
Язык оригинала французский
102 ## - СТРАНА ПУБЛИКАЦИИ ИЛИ ПРОИЗВОДСТВА
Страна публикации Российская Федерация
135 ## - ПОЛЕ КОДИРОВАННЫХ ДАННЫХ: ЭЛЕКТРОННЫЕ РЕСУРСЫ
Кодированные данные для электронного ресурса crcn 024anaba
140 ## - ПОЛЕ КОДИРОВАННЫХ ДАННЫХ: СТАРОПЕЧАТНЫЕ ИЗДАНИЯ - ОБЩАЯ ИНФОРМАЦИЯ
Кодированные данные о старопечатном издании - Основные y y eayaa0000
200 1# - ЗАГЛАВИЕ И СВЕДЕНИЯ ОБ ОТВЕТСТВЕННОСТИ
Основное заглавие Италиянской Езоп или Сатирическое повествование о Бертолде,
Сведения, относящиеся к заглавию содержащее в себе удивительныя с ним приключения, остроумныя выдумки, хорошее поведение при дворе купно с его духовною.
-- Переведена с францускаго
210 ## - ПУБЛИКАЦИЯ, РАСПРОСТРАНЕНИЕ И ДР.
Место издания, распространения и т.д. В Санктпетербурге
Имя издателя, распространителя и т. д. [тип. Арт. и инж. кадет. корпуса]
Дата издания, распространения и т.д. 1778
215 ## - ФИЗИЧЕСКАЯ ХАРАКТЕРИСТИКА
Специфическое обозначение материала и объем 177, [3] с.
Размеры
300 ## - ОБЩИЕ ПРИМЕЧАНИЯ
Текст примечания Авт. указан в предисл.
316 ## - ПРИМЕЧАНИЯ ОБ ОСОБЕННОСТЯХ ЭКЗЕМПЛЯРА
Текст примечания Экз. РНБ (18.263.4.2) в состав. картон. пер., обтянутом крапчатой бумагой, с кожаными коричневыми корешком и уголками. На нижней крышке пер. экслибрис рус. фонда РНБ с шифром. Корешок с 5-ю бинтами, с блинтовым тиснением. На корешке бумаж. наклейка с порядковым номером ниги на полке: "2". На форзаце ярлык с шифром РНБ. На с.177 круглый штамп ГПБ. Экз. РНБ деф.: утрачены с.[2-3]. Вклеен [1] л. ил (фронт.) из изд. 1782 г. (Офорт с подписью: "Бертольд"). Размер: 19,0х12х1,5 см.
Организация и экземпляр, к которому относится поле NLR: 18.263.4.2
321 1# - ПРИМЕЧАНИЯ ОБ ОТДЕЛЬНО ИЗДАННЫХ УКАЗАТЕЛЯХ / РЕФЕРАТАХ / ССЫЛКАХ, ОТРАЖАЮЩИХ КАТАЛОГИЗИРУЕМЫЙ ДОКУМЕНТ
Примечания об указателях, рефератах, ссылках СК XVIII 3322
321 0# - ПРИМЕЧАНИЯ ОБ ОТДЕЛЬНО ИЗДАННЫХ УКАЗАТЕЛЯХ / РЕФЕРАТАХ / ССЫЛКАХ, ОТРАЖАЮЩИХ КАТАЛОГИЗИРУЕМЫЙ ДОКУМЕНТ
Примечания об указателях, рефератах, ссылках XVIII в. Сб. 28. С. 309
325 ## - ПРИМЕЧАНИЕ О КОПИИ
Текст примечания Копия доступна в Электрон. б-ке РНБ
327 0# - ПРИМЕЧАНИЯ О СОДЕРЖАНИИ
Текст примечания Продаются книги, в Академ. лавке на Никольской улице, на Спасск. мосту и у перепл. Никиты Дмитриева на Куз. мо[сту] : [Книгопродавческая роспись] (С.[2-3])
517 1# - ДРУГИЕ ВАРИАНТЫ ЗАГЛАВИЯ
Вариант заглавия Сатирическое повествование о Бертолде
518 1# - ЗАГЛАВИЕ В СТАНДАРТНОМ СОВРЕМЕННОМ ПРАВОПИСАНИИ
Основное заглавие, вариант заглавия или унифицированное заглавие Итальянский Эзоп или Сатирическое повествование о Бертолде
620 ## - МЕСТО И ДАТА ПУБЛИКАЦИИ, ИСПОЛНЕНИЯ И Т. Д.
Город Санкт-Петербург
700 #1 - ИМЯ ЛИЦА - ПЕРВИЧНАЯ ОТВЕТСТВЕННОСТЬ
Код отношения Автор
Материалы, к которым относится поле rus
Графика поля Кириллица
Начальный элемент ввода Кроче
Часть имени, кроме начального элемента ввода Д. Ч.
Даты 1550-1609
Расширение инициалов личного имени Джулио Чезаре
Идентификатор авторитетной/нормативной записи RU\NLR\AUTH\77104033
Системный номер авторитетной/нормативной записи 86958
702 #1 - ИМЯ ЛИЦА - ВТОРИЧНАЯ ОТВЕТСТВЕННОСТЬ
Связь между полями z02790
Начальный элемент ввода Водопьянов
Часть имени, кроме начального элемента ввода Н.Д.
Расширение инициалов личного имени Никита Дмитриевич
Код отношения Книготорговец
712 02 - НАИМЕНОВАНИЕ ОРГАНИЗАЦИИ - ВТОРИЧНАЯ ОТВЕТСТВЕННОСТЬ
Код отношения Печатник (типограф)
Начальный элемент ввода Артиллерийский и инженерный шляхетный кадетский корпус
Идентифицирующий признак Петербург
Структурное подразделение Типография
Идентификатор авторитетной/нормативной записи RU\NLR\AUTH\880627560
Системный номер авторитетной/нормативной записи 2659928
790 #1 - ИМЯ ЛИЦА - АЛЬТЕРНАТИВНАЯ ФОРМА
Связь между полями z02702
Начальный элемент ввода Дмитриев
Часть имени, кроме начального элемента ввода Н.
Расширение инициалов личного имени Никита
801 #0 - ИСТОЧНИК ЗАПИСИ
Страна Российская Федерация
Организация NLR
Дата составления 19980825
852 ## - МЕСТОНАХОЖДЕНИЕ И ШИФР ХРАНЕНИЯ
Идентификатор организации NLR
Шифр хранения (Call Number) 18.263.4.2
856 #0 - МЕСТОНАХОЖДЕНИЕ ЭЛЕКТРОННЫХ РЕСУРОВ И ДОСТУП К НИМ
Универсальный идентификатор ресурса (Uniform Resource Identifier) http://vivaldi.nlr.ru/bx000016906/view
856 #1 - МЕСТОНАХОЖДЕНИЕ ЭЛЕКТРОННЫХ РЕСУРОВ И ДОСТУП К НИМ
Универсальный идентификатор ресурса (Uniform Resource Identifier) http://vivaldi.nlr.ru/bx000016906/cover
856 #2 - МЕСТОНАХОЖДЕНИЕ ЭЛЕКТРОННЫХ РЕСУРОВ И ДОСТУП К НИМ
Универсальный идентификатор ресурса (Uniform Resource Identifier) http://vivaldi.nlr.ru/bx000016906/text
899 ## - ДАННЫЕ О МЕСТОНАХОЖДЕНИИ (устаревшее)
Местонахождение РГБ
899 ## - ДАННЫЕ О МЕСТОНАХОЖДЕНИИ (устаревшее)
Местонахождение БАН
899 ## - ДАННЫЕ О МЕСТОНАХОЖДЕНИИ (устаревшее)
Местонахождение ГПИБ
899 ## - ДАННЫЕ О МЕСТОНАХОЖДЕНИИ (устаревшее)
Местонахождение КостОУНБ
942 ## - ДОПОЛНИТЕЛЬНЫЕ ЭЛЕМЕНТЫ ЗАПИСИ (АБИС)
Тип экземпляра АБИС Книга
980 ## - КОЛЛЕКЦИЯ
Название коллекции Национальная библиография
980 3# - КОЛЛЕКЦИЯ
Название коллекции
980 3# - КОЛЛЕКЦИЯ
Название коллекции
980 ## - КОЛЛЕКЦИЯ
Название коллекции Русская книга гражданской печати XVIII в. в библиотеках РФ
981 20 - КОЛЛЕКЦИЯ ЭЛЕКТРОННОЙ БИБЛИОТЕКИ
Название коллекции Книжные памятники РНБ
Название подколлекции Русский книжный фонд
Экземпляры
Тип экземпляра Дата поступления Библиотека постоянного хранения Библиотека текущего хранения Место хранения Шифр хранения Штрих-код Статус экземпляра
Книга 13.05.2016 РНБ (Садовая) РНБ (Садовая) Русский книжный фонд -Главное здание, Ленинский читальный зал 18.263.4.2 9673350-10